000 00357nam a2200157Ia 4500
003 GCL
008 140319s9999 xx 000 0 eng d
040 _aGCL /
_cGCL
082 0 4 _a791.437
_bK C
100 1 _aKARAGNOU, A
245 1 0 _aCINEMA IDEOLOGY BOX - OFFICE /
_cKARAGNOU, A
300 _a113
650 0 4 _aARTS
650 0 4 _aFILMS
942 _2ddc
_cBK
999 _c15390
_d15390